000
00315nam a2200121Ia 4500
008
190216s9999||||xx |||||||||||||| ||und||
100
_a
Puri G K
245
0
_a
100 Practice Papers On General Knowledge/ General Studies
260
_b
Iims Pub
_c
1999
300
_a
304p
650
_a
General Collections
942
_c
REF
999
_c
36519
_d
36519